000 00481nam a2200181Ia 4500
005 20250508151941.0
008 008 250505s9999 xx 000 0 eng d
037 _aTextual
040 _aFEDL
_beng
_cFEDL
041 _aeng
_2eng
084 _a372.3, NEU
_qFEDL
100 _aNeurath Marie
245 0 _aIf you could see inside
260 _aNew York, USA
_bChanticleer Press
_c1950
300 _a32p.
942 _cTEXL
_h372.3, NEU
999 _c1333170
_d1333170